Anthropologie urbaine (notice n° 1566728)

détails MARC
000 -LEADER
fixed length control field 01714cam a2200133 4500500
005 - DATE AND TIME OF LATEST TRANSACTION
control field 20251214002043.0
041 ## - LANGUAGE CODE
Language code of text/sound track or separate title fre
042 ## - AUTHENTICATION CODE
Authentication code dc
100 10 - MAIN ENTRY--PERSONAL NAME
Personal name Raulin, Anne
Relator term author
245 00 - TITLE STATEMENT
Title Anthropologie urbaine
260 ## - PUBLICATION, DISTRIBUTION, ETC.
Name of publisher, distributor, etc. Armand Colin,<br/>
Date of publication, distribution, etc. 2007.<br/>
520 ## - SUMMARY, ETC.
Summary, etc. Présentation synthétique, claire et riche d’un champ en pleine expansion, l’anthropologie urbaine, cet ouvrage traite à la fois de la ville comme espace global, des milieux sociaux qui la composent et des cultures urbaines dans leur foisonnement.Il s’appuie sur une méthodologie, nouvellement appliquée aux villes, qui privilégie l’analyse comparative et accorde une large place aux descriptions de « terrain » - tout en intégrant les données relatives à l’histoire, la géographie et la sociologie urbaine. Pour assurer la distance critique nécessaire, il remonte aux fonctions fondamentales de la ville et s’attache à conceptualiser les problèmes de l’essor contemporain. Il aborde les grands débats, savants et médiatiques, de ce domaine aux enjeux politiques, sociaux et culturels essentiels :Que désigne l’expression « culture urbaine » ? La vitalité des identités citadines vient-elle compenser aujourd’hui l’affaiblissement d’autres composantes identitaires comme la classe sociale ? L’opposition entre ville et campagne est-elle en train de disparaître ? La civilisation de l’Islam a-t-elle influencé le développement urbain de l’Occident médiéval ? Que signifie la généralisation du terme de « ghetto » ? Doit-il être repris par les chercheurs ?
856 41 - ELECTRONIC LOCATION AND ACCESS
Uniform Resource Identifier <a href="https://shs.cairn.info/anthropologie-urbaine--9782200351946?lang=fr&redirect-ssocas=7080">https://shs.cairn.info/anthropologie-urbaine--9782200351946?lang=fr&redirect-ssocas=7080</a>

Pas d'exemplaire disponible.

PLUDOC

PLUDOC est la plateforme unique et centralisée de gestion des bibliothèques physiques et numériques de Guinée administré par le CEDUST. Elle est la plus grande base de données de ressources documentaires pour les Étudiants, Enseignants chercheurs et Chercheurs de Guinée.

Adresse

627 919 101/664 919 101

25 boulevard du commerce
Kaloum, Conakry, Guinée

Réseaux sociaux

Powered by Netsen Group @ 2025